000 00661cam a22002293a 4500
001 20243
003 PGUSA
005 20140828083428.0
008 070101s2007||||xxu|||||s|||||000 1 eng d
040 _aPGUSA
_beng
042 _adc
050 4 _aPR
100 1 _aMerriman, Henry Seton,
_d1862-1903
245 1 0 _aDross
_h[electronic resource] /
_cHenry Seton Merriman
260 _bProject Gutenberg,
_c2007
506 _aPublic domain in the USA.
516 _aElectronic text
653 _aFrance -- History -- Second Empire, 1852-1870 -- Fiction
830 0 _aProject Gutenberg
_v20243
856 4 0 _uhttp://www.gutenberg.org/ebooks/20243
942 _cEB
999 _c249498
_d249498